Т. 7, № 3; Ядерная физика и инжиниринг

Détails bibliographiques
Parent link:Ядерная физика и инжиниринг: научный журнал. Т. 7, № 3.— , 2014-.— 2079-5637
Résumé:Режим доступа: по договору с организацией-держателем ресурса
Langue:russe
Publié: 2016
Accès en ligne:https://elibrary.ru/contents.asp?id=34539813
Format: MixedMaterials Électronique Livre
KOHA link:https://koha.lib.tpu.ru/cgi-bin/koha/opac-detail.pl?biblionumber=580244

MARC

LEADER 00000nam2a2200000 4500
001 580244
005 20231101130535.0
035 |a (RuTPU)RU\TPU\prd\279874 
035 |a RU\TPU\prd\279872 
090 |a 580244 
100 |a 20180704a20109999k y0rusy50 ca 
101 0 |a rus 
102 |a RU 
181 0 |a i  
182 0 |a b 
200 0 |a Т. 7, № 3  |b Электронный ресурс 
203 |a Текст  |c электронный 
210 |d 2016 
333 |a Режим доступа: по договору с организацией-держателем ресурса 
461 1 |0 (RuTPU)RU\TPU\prd\279856  |x 2079-5637  |t Ядерная физика и инжиниринг  |o научный журнал  |v Т. 7, № 3  |d 2014- 
801 0 |a RU  |b 63413507  |c 20010227  |g PSBO 
801 1 |a RU  |b 63413507  |c 20160324 
801 2 |a RU  |b 63413507  |c 20180704  |g RCR 
856 4 0 |u https://elibrary.ru/contents.asp?id=34539813 
942 |c BK